| 000 | 00578nam a2200217Ia 4500 | ||
|---|---|---|---|
| 005 | 20250425162656.0 | ||
| 008 | 250425s9999 xx 000 0 und d | ||
| 020 | _a9706545360 | ||
| 041 | _aspa | ||
| 043 | _amx | ||
| 082 | _a639.8 | ||
| 100 | _aVINATEA, LUIS | ||
| 245 | 0 | _aMANUAL DE PRODUCCIÓN DE ARTEMIA (QUISTES Y BIOMASA) EN MÓDULOS DE CULTIVO | |
| 250 | _aS.E | ||
| 260 | _aMEXICO | ||
| 260 |
_aMéxico _bDIVISIÓN DE CIENCIAS BIOLÓGICAS. UNIVERSIDAD AUTÓNOMA METROPOLITANA _c1999 |
||
| 300 | _a47 | ||
| 650 | _aARTEMIA | ||
| 942 | _c01 | ||
| 010 | _a95877 | ||
| 999 |
_c234126 _d234126 |
||